[Event "TeamRussiawomen"]
[Site "?"]
[Date "2016.10.06"]
[Round "5.12"]
[White "Bondareva, Daria"]
[Black "Kovanova, Baira"]
[Result "0-1"]
[LiveChessVersion "1.4.4"]
[BlackElo "2393"]
[WhiteElo "1734"]

1. e4 {[%clk 0:15:20]} d6 {[%clk 0:15:07]} 2. d4 {[%clk 0:15:28]} g6
{[%clk 0:15:07]} 3. Be3 {[%clk 0:15:15]} Bg7 {[%clk 0:15:15]} 4. Nf3
{[%clk 0:15:02]} a6 {[%clk 0:14:57]} 5. Nbd2 {[%clk 0:14:41]} b5 {[%clk 0:14:38]}
6. c3 {[%clk 0:14:49]} Bb7 {[%clk 0:14:41]} 7. Bd3 {[%clk 0:14:47]} Nd7
{[%clk 0:14:29]} 8. O-O {[%clk 0:14:20]} Ngf6 {[%clk 0:14:36]} 9. h3
{[%clk 0:14:14]} O-O {[%clk 0:14:42]} 10. Bc2 {[%clk 0:14:09]} c5
{[%clk 0:14:27]} 11. Re1 {[%clk 0:12:09]} e5 {[%clk 0:14:20]} 12. dxe5
{[%clk 0:11:55]} dxe5 {[%clk 0:14:28]} 13. b3 {[%clk 0:10:28]} Qc7
{[%clk 0:14:23]} 14. Qe2 {[%clk 0:09:52]} Bc6 {[%clk 0:14:11]} 15. Nh2
{[%clk 0:09:44]} Qb7 {[%clk 0:13:34]} 16. f3 {[%clk 0:09:53]} Qc7
{[%clk 0:13:22]} 17. Qf2 {[%clk 0:08:19]} Bb7 {[%clk 0:13:20]} 18. Rac1
{[%clk 0:07:51]} Nh5 {[%clk 0:11:55]} 19. Nhf1 {[%clk 0:00:17]} Nf4
{[%clk 0:11:49]} 20. Kh2 {[%clk 0:00:19]} Ne6 {[%clk 0:11:17]} 21. g4
{[%clk 0:00:18]} Rac8 {[%clk 0:10:54]} 22. Bb1 {[%clk 0:00:23]} Rfe8
{[%clk 0:10:39]} 23. Ng3 {[%clk 0:00:28]} Nf4 {[%clk 0:10:39]} 24. Ne2
{[%clk 0:00:31]} Nf8 {[%clk 0:10:12]} 25. Nf1 {[%clk 0:00:33]} N8e6
{[%clk 0:10:01]} 26. Nfg3 {[%clk 0:00:42]} Qe7 {[%clk 0:09:39]} 27. Qf1
{[%clk 0:00:22]} Qh4 {[%clk 0:09:20]} 28. Bf2 {[%clk 0:00:12]} Qf6
{[%clk 0:09:18]} 29. Be3 {[%clk 0:00:18]} Bh6 {[%clk 0:08:46]} 30. Ng1
{[%clk 0:00:20]} Bg5 {[%clk 0:08:25]} 31. N3e2 {[%clk 0:00:12]} Nxh3
{[%clk 0:08:07]} 32. Bxg5 {[%clk 0:00:12]} Nhxg5 {[%clk 0:08:15]} 33. Ng3
{[%clk 0:00:16]} Nf4 {[%clk 0:08:03]} 34. N3e2 {[%clk 0:00:19]} Nge6
{[%clk 0:07:52]} 35. Nxf4 {[%clk 0:00:15]} Nxf4 {[%clk 0:07:54]} 36. Kg3
{[%clk 0:00:24]} h5 {[%clk 0:07:44]} 37. Qf2 {[%clk 0:00:11]} Kg7
{[%clk 0:07:15]} 38. Ne2 {[%clk 0:00:17]} Rh8 {[%clk 0:06:37]} 39. Rh1
{[%clk 0:00:26]} Qg5 {[%clk 0:06:20]} 40. Rcg1 {[%clk 0:00:14]} Rcd8
{[%clk 0:06:16]} 41. Rh4 {[%clk 0:00:13]} hxg4 {[%clk 0:05:59]} 42. Rxg4
{[%clk 0:00:18]} Rh3# {[%clk 0:06:05]} 0-1

[Event "TeamRussiawomen"]
[Site "?"]
[Date "2016.10.06"]
[Round "6.1"]
[White "Vasilevich, Tatjana"]
[Black "Pogonina, Natalija"]
[Result "0-1"]
[LiveChessVersion "1.4.4"]
[BlackElo "2458"]
[WhiteElo "2400"]

1. d4 {[%clk 0:15:19]} Nf6 {[%clk 0:15:18]} 2. Nf3 {[%clk 0:15:24]} d5
{[%clk 0:15:26]} 3. c4 {[%clk 0:15:32]} e6 {[%clk 0:15:34]} 4. g3
{[%clk 0:15:41]} Bb4+ {[%clk 0:15:39]} 5. Bd2 {[%clk 0:15:49]} Be7
{[%clk 0:15:47]} 6. Bg2 {[%clk 0:15:52]} O-O {[%clk 0:15:54]} 7. Qc2
{[%clk 0:15:59]} c6 {[%clk 0:15:56]} 8. O-O {[%clk 0:16:00]} a5 {[%clk 0:16:02]}
9. b3 {[%clk 0:16:02]} b6 {[%clk 0:15:52]} 10. Bf4 {[%clk 0:15:58]} Ba6
{[%clk 0:14:57]} 11. Nbd2 {[%clk 0:15:54]} Nbd7 {[%clk 0:14:58]} 12. e4
{[%clk 0:15:57]} Rc8 {[%clk 0:12:49]} 13. Rfd1 {[%clk 0:15:20]} Nh5
{[%clk 0:11:07]} 14. Be3 {[%clk 0:14:55]} Nhf6 {[%clk 0:11:12]} 15. Bf4
{[%clk 0:15:02]} Nh5 {[%clk 0:11:20]} 16. Be3 {[%clk 0:15:11]} Nhf6
{[%clk 0:11:29]} 17. h3 {[%clk 0:14:12]} h6 {[%clk 0:11:06]} 18. e5
{[%clk 0:13:23]} Nh7 {[%clk 0:10:47]} 19. Bf1 {[%clk 0:13:14]} Re8
{[%clk 0:10:18]} 20. cxd5 {[%clk 0:11:37]} cxd5 {[%clk 0:10:13]} 21. Qb2
{[%clk 0:11:39]} Bxf1 {[%clk 0:10:20]} 22. Nxf1 {[%clk 0:11:44]} Ng5
{[%clk 0:09:19]} 23. Bxg5 {[%clk 0:11:04]} Bxg5 {[%clk 0:09:27]} 24. h4
{[%clk 0:10:59]} Be7 {[%clk 0:09:35]} 25. Rac1 {[%clk 0:10:51]} Nb8
{[%clk 0:08:58]} 26. Rxc8 {[%clk 0:10:17]} Qxc8 {[%clk 0:09:07]} 27. Rc1
{[%clk 0:10:26]} Qd7 {[%clk 0:09:14]} 28. Qc3 {[%clk 0:09:39]} Ba3
{[%clk 0:08:59]} 29. Rc2 {[%clk 0:09:19]} Na6 {[%clk 0:09:05]} 30. Qe3
{[%clk 0:03:13]} Nb4 {[%clk 0:08:44]} 31. Re2 {[%clk 0:03:21]} Rc8
{[%clk 0:08:46]} 32. Ne1 {[%clk 0:02:40]} Rc1 {[%clk 0:07:31]} 33. g4
{[%clk 0:02:15]} Qd8 {[%clk 0:06:48]} 34. Qg3 {[%clk 0:01:36]} Rd1
{[%clk 0:05:49]} 35. Nf3 {[%clk 0:01:17]} Bc1 {[%clk 0:05:43]} 36. Kg2
{[%clk 0:01:02]} Qc8 {[%clk 0:05:13]} 37. Ne3 {[%clk 0:01:03]} Bxe3
{[%clk 0:05:14]} 38. fxe3 {[%clk 0:01:06]} g6 {[%clk 0:04:58]} 39. Qf4
{[%clk 0:01:05]} Qc1 {[%clk 0:03:44]} 40. Qg3 {[%clk 0:00:13]} Nd3
{[%clk 0:02:56]} 41. Qh2 {[%clk 0:00:14]} Rf1 {[%clk 0:01:59]} 42. Kg3
{[%clk 0:00:23]} Qd1 {[%clk 0:01:45]} 43. Qg2 {[%clk 0:00:18]} Nc1
{[%clk 0:01:24]} 44. Rf2 {[%clk 0:00:17]} Rxf2 {[%clk 0:01:30]} 45. Qxf2
{[%clk 0:00:25]} Ne2+ {[%clk 0:01:09]} 46. Kg2 {[%clk 0:00:28]} Nc3
{[%clk 0:01:17]} 47. Qb2 {[%clk 0:00:14]} Qd3 {[%clk 0:01:12]} 48. Qf2
{[%clk 0:00:13]} Nd1 {[%clk 0:01:13]} 49. Qd2 {[%clk 0:00:12]} Nxe3+
{[%clk 0:01:19]} 50. Kh3 {[%clk 0:00:18]} Qe4 {[%clk 0:01:12]} 51. Nh2
{[%clk 0:00:24]} Qf4 {[%clk 0:01:04]} 52. Qb2 Nxg4 {[%clk 0:00:54]} 53. Nxg4
{[%clk 0:00:19]} Qf3+ {[%clk 0:01:03]} 54. Kh2 {[%clk 0:00:27]} Qxg4
{[%clk 0:01:11]} 55. Qf2 {[%clk 0:00:30]} Qf5 {[%clk 0:01:14]} 56. Qd2
{[%clk 0:00:35]} Kg7 {[%clk 0:01:15]} 57. Kg3 {[%clk 0:00:29]} g5
{[%clk 0:01:16]} 58. h5 {[%clk 0:00:19]} Qe4 {[%clk 0:01:17]} 59. Qd1
{[%clk 0:00:18]} Qh4+ {[%clk 0:01:05]} 60. Kg2 {[%clk 0:00:26]} g4
{[%clk 0:01:14]} 61. Qc2 {[%clk 0:00:16]} Qxh5 {[%clk 0:01:18]} 62. Qc7
{[%clk 0:00:16]} Qh3+ {[%clk 0:01:23]} 63. Kg1 {[%clk 0:00:22]} g3
{[%clk 0:01:23]} 64. Qc2 {[%clk 0:00:16]} Qh2+ {[%clk 0:01:30]} 65. Qxh2
{[%clk 0:00:21]} gxh2+ {[%clk 0:01:39]} 66. Kxh2 {[%clk 0:00:30]} Kg6
{[%clk 0:01:48]} 0-1

[Event "TeamRussiawomen"]
[Site "?"]
[Date "2016.10.06"]
[Round "6.2"]
[White "Mkrtchian, Lilit"]
[Black "Gritsayeva, Oksana"]
[Result "1/2-1/2"]
[LiveChessVersion "1.4.4"]
[BlackElo "2330"]
[WhiteElo "2425"]

1. Nf3 {[%clk 0:15:17]} c5 {[%clk 0:15:18]} 2. c4 {[%clk 0:15:15]} b6
{[%clk 0:15:07]} 3. Nc3 {[%clk 0:14:56]} Bb7 {[%clk 0:15:14]} 4. d4
{[%clk 0:15:01]} cxd4 {[%clk 0:15:23]} 5. Nxd4 {[%clk 0:15:09]} g6
{[%clk 0:14:58]} 6. e4 {[%clk 0:15:11]} Bg7 {[%clk 0:15:06]} 7. Be3
{[%clk 0:15:13]} d6 {[%clk 0:14:51]} 8. Be2 {[%clk 0:15:15]} Nf6 {[%clk 0:14:49]}
9. f3 {[%clk 0:15:23]} O-O {[%clk 0:14:52]} 10. O-O {[%clk 0:15:30]} Nbd7
{[%clk 0:14:48]} 11. Qd2 {[%clk 0:15:37]} Rc8 {[%clk 0:14:49]} 12. Rac1
{[%clk 0:15:42]} a6 {[%clk 0:14:39]} 13. b3 {[%clk 0:15:26]} Re8 {[%clk 0:14:37]}
14. Rfd1 {[%clk 0:15:11]} Nc5 {[%clk 0:13:57]} 15. Bf1 {[%clk 0:13:56]} Ba8
{[%clk 0:13:43]} 16. b4 {[%clk 0:13:04]} Ncd7 {[%clk 0:13:49]} 17. Nd5
{[%clk 0:13:12]} e6 {[%clk 0:13:30]} 18. Nxf6+ {[%clk 0:12:31]} Bxf6
{[%clk 0:13:38]} 19. Nb3 {[%clk 0:12:13]} Be7 {[%clk 0:13:27]} 20. c5
{[%clk 0:08:12]} bxc5 {[%clk 0:13:29]} 21. Bxa6 {[%clk 0:08:11]} Rc6
{[%clk 0:09:48]} 22. Bb5 {[%clk 0:08:15]} Rb6 {[%clk 0:09:47]} 23. Bxd7
{[%clk 0:07:58]} Qxd7 {[%clk 0:09:55]} 24. bxc5 {[%clk 0:06:04]} Ra6
{[%clk 0:09:27]} 25. Qe2 {[%clk 0:05:40]} Qa4 {[%clk 0:08:40]} 26. cxd6
{[%clk 0:04:50]} Rxd6 {[%clk 0:07:53]} 27. Bc5 {[%clk 0:04:00]} Rxd1+
{[%clk 0:07:58]} 28. Rxd1 {[%clk 0:04:10]} Bf6 {[%clk 0:07:52]} 29. Bd4
{[%clk 0:03:58]} e5 {[%clk 0:07:48]} 30. Be3 {[%clk 0:04:00]} Bc6
{[%clk 0:07:22]} 31. Nc5 {[%clk 0:04:03]} Qa5 {[%clk 0:06:34]} 32. Rd6
{[%clk 0:02:54]} Bb5 {[%clk 0:06:42]} 33. Qd2 {[%clk 0:02:56]} Qxd2
{[%clk 0:06:39]} 34. Rxd2 {[%clk 0:03:04]} Ra8 {[%clk 0:06:37]} 35. Rb2
{[%clk 0:03:09]} Bc4 {[%clk 0:06:26]} 36. a4 {[%clk 0:03:13]} Be7
{[%clk 0:06:24]} 37. Rb4 {[%clk 0:02:49]} Be6 {[%clk 0:06:12]} 38. Kf2
{[%clk 0:02:19]} Bd7 {[%clk 0:04:44]} 39. Rc4 {[%clk 0:02:00]} Bxc5
{[%clk 0:04:13]} 40. Rxc5 {[%clk 0:02:02]} Rxa4 {[%clk 0:04:06]} 41. Rxe5
{[%clk 0:02:11]} Ra2+ {[%clk 0:04:10]} 42. Kg3 {[%clk 0:02:20]} Be6
{[%clk 0:04:08]} 43. Bh6 {[%clk 0:02:22]} Ra8 {[%clk 0:03:34]} 44. h3
{[%clk 0:02:22]} Re8 {[%clk 0:03:34]} 45. Rc5 {[%clk 0:01:43]} f6
{[%clk 0:03:06]} 46. Rc7 {[%clk 0:01:52]} Bf7 {[%clk 0:03:14]} 47. Bd2
{[%clk 0:02:00]} Re6 {[%clk 0:03:04]} 48. Bc3 {[%clk 0:02:08]} Ra6
{[%clk 0:03:03]} 49. Kf4 {[%clk 0:01:54]} Kf8 {[%clk 0:03:06]} 50. h4
{[%clk 0:01:44]} h6 {[%clk 0:03:06]} 51. g4 {[%clk 0:01:51]} Rb6 {[%clk 0:04:14]}
52. Bd4 {[%clk 0:01:56]} Ra6 {[%clk 0:02:44]} 53. Bc5+ {[%clk 0:02:04]} Kg8
{[%clk 0:02:48]} 54. Rc8+ {[%clk 0:02:08]} Kg7 {[%clk 0:02:48]} 55. Bf8+
{[%clk 0:01:55]} Kh7 {[%clk 0:02:52]} 56. Rc7 {[%clk 0:02:01]} g5+
{[%clk 0:02:36]} 57. Kg3 {[%clk 0:01:15]} gxh4+ {[%clk 0:02:20]} 58. Kxh4
{[%clk 0:01:23]} Kg8 {[%clk 0:01:09]} 59. Bxh6 {[%clk 0:01:28]} f5
{[%clk 0:00:51]} 60. Bf4 {[%clk 0:00:50]} fxe4 {[%clk 0:00:57]} 61. fxe4
{[%clk 0:00:52]} Ra4 {[%clk 0:00:56]} 62. Re7 {[%clk 0:00:36]} Bg6
{[%clk 0:01:03]} 63. Kg5 {[%clk 0:00:31]} Bxe4 {[%clk 0:01:01]} 64. Be5
{[%clk 0:00:25]} Kf8 {[%clk 0:00:56]} 65. Bd6 {[%clk 0:00:22]} Kg8
{[%clk 0:00:46]} 66. Kf6 {[%clk 0:00:21]} Ra6 {[%clk 0:00:33]} 67. Re8+
{[%clk 0:00:29]} Kh7 {[%clk 0:00:42]} 68. Re7+ {[%clk 0:00:25]} Kg8
{[%clk 0:00:42]} 69. Rg7+ {[%clk 0:00:20]} Kh8 {[%clk 0:00:51]} 70. Rd7
{[%clk 0:00:29]} Rb6 {[%clk 0:00:31]} 71. g5 {[%clk 0:00:32]} Rb7
{[%clk 0:00:30]} 72. Rd8+ {[%clk 0:00:33]} Kh7 {[%clk 0:00:39]} 73. Rc8
{[%clk 0:00:16]} Bg6 {[%clk 0:00:33]} 74. Rc1 {[%clk 0:00:17]} Rf7+
{[%clk 0:00:31]} 75. Ke6 {[%clk 0:00:26]} Kg8 {[%clk 0:00:14]} 76. Rc8+
{[%clk 0:00:31]} Kh7 {[%clk 0:00:21]} 77. Be5 {[%clk 0:00:40]} Bf5+
{[%clk 0:00:20]} 78. Kxf7 {[%clk 0:00:48]} Bxc8 {[%clk 0:00:29]} 79. g6+
{[%clk 0:00:58]} Kh6 {[%clk 0:00:36]} 80. Bf4+ {[%clk 0:01:06]} Kh5
{[%clk 0:00:44]} 81. g7 {[%clk 0:01:13]} Ba6 {[%clk 0:00:52]} 1/2-1/2

[Event "TeamRussiawomen"]
[Site "?"]
[Date "2016.10.06"]
[Round "6.3"]
[White "Ruchieva, Natalia"]
[Black "Nechaeva, Marina"]
[Result "0-1"]
[LiveChessVersion "1.4.4"]
[BlackElo "2425"]
[WhiteElo "2247"]

1. e4 {[%clk 0:15:17]} c6 {[%clk 0:15:20]} 2. d4 {[%clk 0:15:24]} d5
{[%clk 0:15:28]} 3. Nc3 {[%clk 0:15:32]} dxe4 {[%clk 0:15:37]} 4. Nxe4
{[%clk 0:15:39]} Bf5 {[%clk 0:15:46]} 5. Ng3 {[%clk 0:15:48]} Bg6
{[%clk 0:15:55]} 6. Nf3 {[%clk 0:15:55]} Nd7 {[%clk 0:16:03]} 7. Bc4
{[%clk 0:13:50]} e6 {[%clk 0:15:59]} 8. O-O {[%clk 0:13:10]} Ngf6
{[%clk 0:16:04]} 9. Nh4 {[%clk 0:12:07]} Bd6 {[%clk 0:15:39]} 10. Qe2
{[%clk 0:10:45]} O-O {[%clk 0:13:52]} 11. Nxg6 {[%clk 0:09:13]} hxg6
{[%clk 0:14:00]} 12. c3 {[%clk 0:09:11]} Qc7 {[%clk 0:14:04]} 13. Bb3
{[%clk 0:08:06]} c5 {[%clk 0:13:04]} 14. Be3 {[%clk 0:07:33]} Rfd8
{[%clk 0:10:35]} 15. Rfd1 {[%clk 0:07:26]} a5 {[%clk 0:10:38]} 16. Bg5
{[%clk 0:04:54]} a4 {[%clk 0:09:03]} 17. Bc2 {[%clk 0:04:46]} a3 {[%clk 0:06:43]}
18. b3 {[%clk 0:03:48]} cxd4 {[%clk 0:06:22]} 19. cxd4 {[%clk 0:03:27]} Bf4
{[%clk 0:04:54]} 20. Bxf4 {[%clk 0:03:31]} Qxf4 {[%clk 0:05:03]} 21. Ne4
{[%clk 0:03:13]} Nd5 {[%clk 0:03:31]} 22. Qd2 {[%clk 0:02:08]} Qc7
{[%clk 0:02:38]} 23. Rac1 {[%clk 0:02:11]} Qb6 {[%clk 0:02:46]} 24. Ng5
{[%clk 0:01:38]} N7f6 {[%clk 0:02:46]} 25. Ne4 {[%clk 0:01:30]} Rac8
{[%clk 0:02:08]} 26. Nc5 {[%clk 0:01:11]} Nb4 {[%clk 0:01:51]} 27. Bb1
{[%clk 0:01:13]} Nc6 {[%clk 0:01:42]} 28. Rc4 {[%clk 0:00:41]} e5
{[%clk 0:00:42]} 29. Na4 {[%clk 0:00:38]} Qa7 {[%clk 0:00:42]} 30. Qc1
{[%clk 0:00:34]} exd4 {[%clk 0:00:37]} 31. Rc5 {[%clk 0:00:12]} Rd6
{[%clk 0:00:24]} 32. Qc4 {[%clk 0:00:13]} Kf8 {[%clk 0:00:16]} 33. b4 Rcd8 34.
Nb6 Qxb6 0-1

[Event "TeamRussiawomen"]
[Site "?"]
[Date "2016.10.06"]
[Round "6.4"]
[White "Kovanova, Baira"]
[Black "Potapova, Margarita"]
[Result "1-0"]
[LiveChessVersion "1.4.4"]
[BlackElo "2002"]
[WhiteElo "2393"]

1. Nf3 {[%clk 0:15:19]} d5 {[%clk 0:15:15]} 2. g3 {[%clk 0:15:27]} Bg4
{[%clk 0:15:22]} 3. Bg2 {[%clk 0:15:01]} Nd7 {[%clk 0:15:30]} 4. O-O
{[%clk 0:14:55]} Ngf6 {[%clk 0:15:36]} 5. d3 {[%clk 0:15:02]} e5 {[%clk 0:15:33]}
6. Nbd2 {[%clk 0:14:26]} Bd6 {[%clk 0:15:19]} 7. e4 {[%clk 0:14:29]} c6
{[%clk 0:15:06]} 8. h3 {[%clk 0:14:37]} Bh5 {[%clk 0:15:08]} 9. Qe1
{[%clk 0:14:28]} O-O {[%clk 0:14:41]} 10. Nh4 {[%clk 0:14:36]} dxe4
{[%clk 0:14:01]} 11. dxe4 {[%clk 0:13:38]} Bc5 {[%clk 0:13:36]} 12. Nb3
{[%clk 0:12:39]} Bb6 {[%clk 0:13:13]} 13. Nf5 {[%clk 0:12:31]} a5
{[%clk 0:12:39]} 14. a4 {[%clk 0:12:34]} Nc5 {[%clk 0:12:28]} 15. Nxc5
{[%clk 0:10:42]} Bxc5 {[%clk 0:12:37]} 16. Bg5 {[%clk 0:10:13]} Qb6
{[%clk 0:11:39]} 17. Bxf6 {[%clk 0:07:08]} gxf6 {[%clk 0:11:47]} 18. Qc1
{[%clk 0:05:24]} Bg6 {[%clk 0:11:28]} 19. Qh6 {[%clk 0:03:57]} Bxf5
{[%clk 0:11:35]} 20. exf5 {[%clk 0:04:05]} e4 {[%clk 0:10:02]} 21. Qxf6
{[%clk 0:03:53]} Bd4 {[%clk 0:09:59]} 22. Qh6 {[%clk 0:02:35]} f6
{[%clk 0:09:01]} 23. c3 {[%clk 0:02:33]} Be5 {[%clk 0:09:01]} 24. Kh1
{[%clk 0:02:30]} e3 {[%clk 0:08:46]} 25. Qxe3 {[%clk 0:01:37]} Qxe3
{[%clk 0:08:50]} 26. fxe3 {[%clk 0:01:46]} Bxg3 {[%clk 0:08:50]} 27. Bxc6
{[%clk 0:01:25]} Kh8 {[%clk 0:08:30]} 28. Bd5 {[%clk 0:01:19]} Rad8
{[%clk 0:07:09]} 29. e4 {[%clk 0:01:26]} h5 {[%clk 0:07:06]} 30. Ra3
{[%clk 0:01:22]} b6 {[%clk 0:07:01]} 31. Rb3 {[%clk 0:01:07]} Rb8
{[%clk 0:06:50]} 32. Rb5 {[%clk 0:01:05]} h4 {[%clk 0:06:50]} 33. Kg2
{[%clk 0:00:46]} Rfe8 {[%clk 0:06:40]} 34. Kf3 {[%clk 0:00:54]} Re7
{[%clk 0:06:43]} 35. Rg1 {[%clk 0:00:55]} Rg7 {[%clk 0:06:28]} 36. b4
{[%clk 0:00:42]} axb4 {[%clk 0:05:20]} 37. cxb4 {[%clk 0:00:44]} Rc7
{[%clk 0:05:22]} 38. a5 {[%clk 0:00:34]} Rc3+ {[%clk 0:05:25]} 39. Kg4
{[%clk 0:00:17]} Rd8 {[%clk 0:04:55]} 40. Rxb6 {[%clk 0:00:16]} Bf2
{[%clk 0:04:56]} 41. Rf1 {[%clk 0:00:16]} Bxb6 {[%clk 0:04:50]} 42. axb6
{[%clk 0:00:24]} Kg7 {[%clk 0:02:34]} 43. b7 {[%clk 0:00:31]} Rc7
{[%clk 0:00:33]} 44. Ra1 {[%clk 0:00:33]} Rb8 {[%clk 0:00:32]} 45. Ra8
{[%clk 0:00:21]} Rcxb7 {[%clk 0:00:38]} 46. Bxb7 {[%clk 0:00:29]} Rxb7
{[%clk 0:00:47]} 47. Ra4 {[%clk 0:00:38]} Rb5 {[%clk 0:00:46]} 48. Kxh4
{[%clk 0:00:22]} Re5 {[%clk 0:00:55]} 49. Ra7+ {[%clk 0:00:30]} Kh6
{[%clk 0:01:00]} 50. Kg3 {[%clk 0:00:23]} Rxe4 {[%clk 0:01:03]} 51. b5
{[%clk 0:00:31]} Re5 {[%clk 0:00:58]} 52. b6 {[%clk 0:00:29]} Rxf5
{[%clk 0:00:54]} 53. Rc7 {[%clk 0:00:30]} Rb5 {[%clk 0:00:54]} 54. b7
{[%clk 0:00:37]} Kg6 {[%clk 0:00:31]} 55. Kf4 {[%clk 0:00:37]} Rb4+
{[%clk 0:00:33]} 56. Ke3 {[%clk 0:00:43]} Kf5 {[%clk 0:00:30]} 57. h4
{[%clk 0:00:49]} Ke5 {[%clk 0:00:25]} 58. h5 {[%clk 0:00:45]} Rb3+
{[%clk 0:00:31]} 59. Kd2 {[%clk 0:00:36]} Kd6 {[%clk 0:00:24]} 60. Rg7
{[%clk 0:00:44]} Kc6 {[%clk 0:00:11]} 61. h6 {[%clk 0:00:50]} Kd5 1-0

[Event "TeamRussiawomen"]
[Site "?"]
[Date "2016.10.06"]
[Round "6.5"]
[White "Bodnaruk, Anastasia"]
[Black "Galliamova, Alisa"]
[Result "1-0"]
[LiveChessVersion "1.4.4"]
[BlackElo "2428"]
[WhiteElo "2487"]

1. e4 {[%clk 0:15:19]} c5 {[%clk 0:15:17]} 2. Nc3 {[%clk 0:15:27]} Nc6
{[%clk 0:14:58]} 3. Bb5 {[%clk 0:15:36]} Nd4 {[%clk 0:13:56]} 4. Bc4
{[%clk 0:15:45]} g6 {[%clk 0:13:36]} 5. Nf3 {[%clk 0:15:15]} Bg7 {[%clk 0:13:38]}
6. Nxd4 {[%clk 0:14:58]} cxd4 {[%clk 0:13:44]} 7. Qf3 {[%clk 0:15:00]} Nh6
{[%clk 0:07:48]} 8. d3 {[%clk 0:14:51]} O-O {[%clk 0:07:32]} 9. Ne2
{[%clk 0:14:42]} e5 {[%clk 0:07:29]} 10. h4 {[%clk 0:12:11]} Kh8 {[%clk 0:06:15]}
11. h5 {[%clk 0:11:45]} g5 {[%clk 0:06:13]} 12. Qg3 {[%clk 0:10:32]} f6
{[%clk 0:06:15]} 13. c3 {[%clk 0:10:37]} dxc3 {[%clk 0:05:12]} 14. Nxc3
{[%clk 0:10:30]} d6 {[%clk 0:05:19]} 15. Bd2 {[%clk 0:08:54]} a6 {[%clk 0:05:03]}
16. O-O-O {[%clk 0:08:39]} b5 {[%clk 0:05:09]} 17. Bd5 {[%clk 0:08:22]} Rb8
{[%clk 0:05:10]} 18. Kb1 {[%clk 0:08:31]} b4 {[%clk 0:05:09]} 19. Ne2
{[%clk 0:08:34]} a5 {[%clk 0:05:15]} 20. d4 {[%clk 0:08:16]} Qe8 {[%clk 0:05:02]}
21. dxe5 {[%clk 0:08:05]} dxe5 {[%clk 0:05:06]} 22. Be3 {[%clk 0:07:47]} Ba6
{[%clk 0:04:32]} 23. Nc1 {[%clk 0:07:05]} Rc8 {[%clk 0:04:17]} 24. Qh3
{[%clk 0:05:40]} Qb5 {[%clk 0:03:17]} 25. Qe6 {[%clk 0:05:20]} a4
{[%clk 0:03:11]} 26. Qb6 {[%clk 0:04:46]} Rfd8 {[%clk 0:02:26]} 27. Qxb5
{[%clk 0:04:31]} Bxb5 {[%clk 0:02:35]} 28. Bb6 {[%clk 0:04:13]} Re8
{[%clk 0:02:26]} 29. Nd3 {[%clk 0:03:51]} Bf8 {[%clk 0:02:32]} 30. f3
{[%clk 0:03:34]} Kg7 {[%clk 0:02:36]} 31. Ba5 {[%clk 0:03:17]} Bxd3+
{[%clk 0:02:30]} 32. Rxd3 {[%clk 0:03:25]} Nf7 {[%clk 0:02:19]} 33. Rhd1
{[%clk 0:03:02]} Bc5 {[%clk 0:01:48]} 34. Bb7 {[%clk 0:02:53]} Rb8
{[%clk 0:01:55]} 35. Rd7 {[%clk 0:02:54]} Re7 {[%clk 0:01:29]} 36. Bc6
{[%clk 0:01:49]} a3 {[%clk 0:01:31]} 37. b3 {[%clk 0:01:46]} Kf8 {[%clk 0:01:18]}
38. R1d5 {[%clk 0:01:03]} Rxd7 {[%clk 0:00:55]} 39. Rxd7 {[%clk 0:01:11]} Be7
{[%clk 0:00:40]} 40. Rd5 {[%clk 0:00:31]} Rc8 {[%clk 0:00:30]} 41. Bd7
{[%clk 0:00:27]} Rc5 {[%clk 0:00:20]} 42. Be6 {[%clk 0:00:19]} Rxd5
{[%clk 0:00:15]} 43. Bxd5 {[%clk 0:00:19]} Bc5 {[%clk 0:00:22]} 44. Bxf7
{[%clk 0:00:17]} Kxf7 {[%clk 0:00:30]} 45. Kc2 {[%clk 0:00:18]} f5
{[%clk 0:00:17]} 46. Kd3 {[%clk 0:00:19]} fxe4+ {[%clk 0:00:13]} 47. fxe4
{[%clk 0:00:20]} g4 {[%clk 0:00:18]} 48. Kc4 {[%clk 0:00:26]} Ba7
{[%clk 0:00:15]} 49. Bxb4 {[%clk 0:00:33]} Kf6 {[%clk 0:00:24]} 50. Bd2
{[%clk 0:00:33]} Bd4 {[%clk 0:00:19]} 51. Kd5 {[%clk 0:00:41]} 1-0

[Event "TeamRussiawomen"]
[Site "?"]
[Date "2016.10.06"]
[Round "6.6"]
[White "Ambartsumova, Karina"]
[Black "Ovod, Evgenija"]
[Result "1/2-1/2"]
[LiveChessVersion "1.4.4"]
[BlackElo "2243"]
[WhiteElo "2376"]

1. e4 {[%clk 0:15:15]} e5 {[%clk 0:15:19]} 2. Nf3 {[%clk 0:15:23]} Nc6
{[%clk 0:15:28]} 3. Bb5 {[%clk 0:15:25]} Nf6 {[%clk 0:15:36]} 4. d3
{[%clk 0:15:19]} Bc5 {[%clk 0:15:43]} 5. Bxc6 {[%clk 0:15:06]} dxc6
{[%clk 0:15:42]} 6. Nbd2 {[%clk 0:15:01]} Be6 {[%clk 0:14:51]} 7. Nb3
{[%clk 0:14:32]} Bb6 {[%clk 0:13:54]} 8. O-O {[%clk 0:13:09]} Qd6
{[%clk 0:11:38]} 9. Bd2 {[%clk 0:12:37]} Nd7 {[%clk 0:10:22]} 10. Ng5
{[%clk 0:09:21]} Nf8 {[%clk 0:08:23]} 11. Na5 {[%clk 0:05:36]} Bxa5
{[%clk 0:07:33]} 12. Bxa5 {[%clk 0:05:44]} f6 {[%clk 0:07:41]} 13. Nxe6
{[%clk 0:05:37]} Nxe6 {[%clk 0:07:50]} 14. Bd2 {[%clk 0:04:29]} O-O
{[%clk 0:07:36]} 15. Qg4 {[%clk 0:03:47]} c5 {[%clk 0:05:11]} 16. b3
{[%clk 0:03:32]} a5 {[%clk 0:04:40]} 17. a4 {[%clk 0:03:20]} b6 {[%clk 0:04:07]}
18. Kh1 {[%clk 0:03:06]} Rad8 {[%clk 0:03:29]} 19. f4 {[%clk 0:02:40]} exf4
{[%clk 0:03:37]} 20. Bxf4 {[%clk 0:02:49]} Nxf4 {[%clk 0:03:45]} 21. Rxf4
{[%clk 0:02:45]} Rde8 {[%clk 0:01:16]} 22. Raf1 {[%clk 0:02:50]} Re5
{[%clk 0:01:18]} 23. Rf5 {[%clk 0:01:22]} Rxf5 {[%clk 0:01:11]} 24. Rxf5
{[%clk 0:01:30]} Re8 {[%clk 0:01:17]} 25. Rf1 {[%clk 0:01:07]} Re5
{[%clk 0:00:46]} 26. h3 {[%clk 0:00:49]} Qe6 {[%clk 0:00:47]} 27. Qf4
{[%clk 0:00:36]} Qd6 {[%clk 0:00:47]} 28. Qg4 {[%clk 0:00:25]} Qe6
{[%clk 0:00:56]} 29. Qg3 {[%clk 0:00:31]} Qd6 {[%clk 0:01:02]} 30. Qf2
{[%clk 0:00:30]} Qd4 {[%clk 0:01:04]} 31. Qf3 {[%clk 0:00:34]} Qd6
{[%clk 0:01:10]} 32. Qf4 {[%clk 0:00:30]} Qe6 {[%clk 0:00:56]} 33. Rf2
{[%clk 0:00:34]} Qd6 {[%clk 0:01:00]} 34. Qg4 {[%clk 0:00:35]} Qe6
{[%clk 0:01:08]} 35. Qf4 {[%clk 0:00:32]} Qd6 {[%clk 0:01:16]} 36. Qg4
{[%clk 0:00:25]} Qe6 {[%clk 0:01:25]} 37. Qf4 {[%clk 0:00:25]} Qd6
{[%clk 0:01:34]} 1/2-1/2